000 00982nam a2200241 a 4500
001 BRL_1242
005 20190320211115.0
008 041213s2014----mx-a######---#000-0#spa-#
020 _a9786074172959
041 _aspa
044 _amx
050 4 _aNC1875.M4
_b.P47 2014
245 1 0 _aPercepciones de México
_ba través de una colección de tarjetas postales
_cTeresa Matabuena Peláez ... [et al.].
260 _aMéxico
_bUniversidad Iberoamericana
_c2014
300 _a228 p.
_bil. (algunas a color), retratos
_c23 cm.
504 _aBibliografía : p. 227-228
610 2 4 _aUniversidad Iberoamericana (Ciudad de México)
_bBiblioteca Francisco Xavier Clavigero
_xColecciones y coleccionistas
_926251
650 1 4 _aTarjetas postales
_vCatálogos
_xHistoria
_ySiglo XX
_zMéxico
_926252
651 4 _aMéxico
_vTrabajos ilustrados - Catálogos
_926253
651 4 _aMéxico
_vCatálogos
_xDescripción y viajes
_926254
700 1 _aMatabuena Peláez, Teresa
_94829
942 _2lcc
_cB
999 _c10054
_d10054